000 00667cab a2200217 4500
001 ABS43712
008 090401t1990 xxu||||| |||| 00| 0 eng d
035 _a(Sirsi) u43141
041 _aeng
245 _aMap-making for the 21st century
260 _c1990
350 _a0
490 _aSurveying Technician
_v19 (1) October -November 1990 10-13(2)
520 _aThe author looks at how automated cartography using processes such as digital mapping and copycards enhances the work of the Ordnance Survey .
650 _aCOMPUTERS
650 _aCOPYRIGHT
650 _aTOPOGRAPHY
690 _aMAPPING AND MEASUREMENT
942 _n0
948 _c04/03/1997
999 _c27582
_d27582